Quality in urban planning and design
| Format: | Book |
|---|---|
| Published: |
London :
Newnes - Butterworths ,
1979
|
| Subjects: |
MARC
| LEADER | 00000cam a2200000 7i4500 | ||
|---|---|---|---|
| 001 | 0000008910 | ||
| 005 | 20150706.0 | ||
| 020 | |a 0408003634 | ||
| 040 | |a INS | ||
| 090 | 0 | 0 | |a HT170 |b Q83 1979 |
| 245 | 0 | 0 | |a Quality in urban planning and design |c edited by Poy Cresswell |
| 260 | |a London : |b Newnes - Butterworths , |c 1979 | ||
| 300 | |a 158p ; |c 25 cm. | ||
| 650 | 0 | 0 | |a City planning |z Netherlands Urban Renewal |
| 999 | |a 0000022079 |b BOOK |c Open Shelf |e Default branch | ||